00544nam a2200181Ia 450000500170000000800410001708200130005824500360007126000380010730000130014565000180015865000190017665000180019570000290021394200060024295200990024899900150034720250311051341.0240331s9999 xx 000 0 und d bBARa891 0aBarathi puthaiyal perunthiraddu aChennaibVanathi Publishersc1982 a583 p ., aBarathi Songs aBarathi Essays aBarathi Poems aPathmanaban, R.A,. eedt cL 001040708LaWERCLbWERCLcSSCd2024-03-31l0o 894.811 BARp2602r2024-03-31w2024-03-31yL c3841d3841